000 00603nam a2200205Ia 4500
003 SISC
005 20160820105437.0
008 140321s9999 xx 000 0 und d
020 _a9781849205603
050 _aGT 3405
_b.Qu44 2013
100 _aQuinn, Bernadette.
245 _aKey concepts in event management /
_cBernadette Quinn.
260 _aCalifornia :
_bSage Publications,
_c2013.
300 _a194 pages :
_c21 cm.
440 _a(SAGE key concepts).
500 _aIncludes bibliographical references.
650 _aSpecial events
_xManagement.
942 _kFOR
_cBK
_2lcc
999 _c48243
_d48243